000 00436nam a2200169Ia 4500
003 GCL
008 140319s9999 xx 000 0 eng d
040 _aGCL /
_cGCL
082 0 4 _a759
_bG S
100 1 _aGIBSON, IAN
245 1 0 _aSALVADOR DALI: THE ERLY YEARS /
_cGIBSON, IAN
260 _a[S.N] :
_bTHAMES AND HUDSON ،
_c1994
300 _a248
650 0 4 _aDALI, SALVADOR (1904 - 1989)
650 0 4 _aPAINTINGS
942 _2ddc
_cBK
999 _c24737
_d24737